[Event "85th DEN-ch"]
[Site "Aalborg DEN"]
[Date "2006.04.08"]
[Round "1"]
[White "Berg, Klaus"]
[Black "Rasmussen, Karsten"]
[WhiteElo "2403"]
[BlackElo "2449"]
[Result "1/2-1/2"]
[EventDate "2006.04.08"]
[PlyCount "70"]
[EventCategory "8"]
[Source "ChessBase"]
[SourceDate "2006.05.09"]

1. d4 d5 2. Bf4 Nf6 3. e3 c5 4. c3 Nc6 5. Nd2 Bf5 6. Qb3 Qd7 7. Ngf3 c4 8. Qb5
e6 9. b3 cxb3 10. axb3 Be7 11. Be2 O-O 12. O-O Nh5 13. Ne5 Nxe5 14. Bxe5 Qxb5
15. Bxb5 Rfc8 16. Rfc1 f6 17. Bg3 Nxg3 18. hxg3 Rc7 19. Be2 a5 20. c4 Bb4 21.
Nb1 dxc4 22. bxc4 a4 23. c5 b6 24. Nc3 Bxc3 25. Rxc3 bxc5 26. dxc5 Be4 27. Bf3
Bxf3 28. gxf3 Kf7 29. c6 Ke7 30. Rc4 a3 31. Rc3 a2 32. Rc2 f5 33. Raxa2 Rxa2
34. Rxa2 Rxc6 35. Ra7+ Kf6 1/2-1/2

[Event "85th DEN-ch"]
[Site "Aalborg DEN"]
[Date "2006.04.08"]
[Round "1"]
[White "Glud, Jakob Vang"]
[Black "Hansen, Sune Berg"]
[WhiteElo "2417"]
[BlackElo "2555"]
[Result "1/2-1/2"]
[EventDate "2006.04.08"]
[PlyCount "106"]
[EventCategory "8"]
[Source "ChessBase"]
[SourceDate "2006.05.09"]

1. c4 Nf6 2. g3 c6 3. Bg2 d5 4. Nf3 dxc4 5. Qc2 Be6 6. Ng5 Bd5 7. e4 h6 8. Nh3
Be6 9. Nf4 Bc8 10. e5 Nd5 11. Qxc4 Nxf4 12. Qxf4 Na6 13. d4 Nb4 14. O-O Nd5 15.
Qf3 Be6 16. Nc3 Qd7 17. Ne4 b6 18. Bd2 g6 19. a4 Bg7 20. a5 O-O 21. Qa3 Rac8
22. Rfc1 Rc7 23. h4 Rd8 24. axb6 axb6 25. Qa6 Rb8 26. Be1 f6 27. exf6 exf6 28.
Nc3 Ne7 29. Rd1 g5 30. hxg5 fxg5 31. Qd3 Kh8 32. d5 cxd5 33. Nxd5 Nxd5 34. Bxd5
Bxb2 35. Rab1 Bg7 36. Bxe6 Qxe6 37. Rb5 Qc4 38. Kg2 Qxd3 39. Rxd3 Rc5 40. Rdb3
Re8 41. Bd2 Rxb5 42. Rxb5 Bd4 43. Rd5 Bc5 44. Kh3 Kh7 45. f4 gxf4 46. Bxf4 Kg6
47. Kg4 Re6 48. Rh5 Bf8 49. Rf5 Bd6 50. Rd5 Bf8 51. Rf5 Bg7 52. Rb5 Kf7 53. Kf3
Bf8 1/2-1/2

[Event "85th DEN-ch"]
[Site "Aalborg DEN"]
[Date "2006.04.08"]
[Round "1"]
[White "Vesterbaek Pedersen, Nicolai"]
[Black "Aagaard, Jacob"]
[WhiteElo "2517"]
[BlackElo "2447"]
[Result "1-0"]
[EventDate "2006.04.08"]
[PlyCount "135"]
[EventCategory "8"]
[Source "ChessBase"]
[SourceDate "2006.05.09"]

1. Nf3 Nf6 2. c4 e6 3. Nc3 Bb4 4. Qb3 c5 5. a3 Ba5 6. g3 O-O 7. Bg2 d5 8. O-O
b6 9. d3 Bb7 10. Rd1 Nbd7 11. Na2 Qc8 12. Qc2 dxc4 13. dxc4 Be4 14. Qa4 Bc6 15.
Qc2 Be4 16. Qb3 a6 17. Bf4 Qb7 18. Nc3 Bc6 19. Ne1 Bxg2 20. Nxg2 h6 21. Rd3 b5
22. a4 Bxc3 23. Rxc3 e5 24. Be3 Ne4 25. Rc2 Rfb8 26. Rd1 bxc4 27. Qxc4 Nb6 28.
Qb3 Qc6 29. a5 Rd8 30. Rdc1 Nd7 31. f3 Rab8 32. Qa3 Nd6 33. Bxc5 Nb5 34. Qe3
Qf6 35. Ne1 Nd4 36. Bxd4 exd4 37. Qf4 Rb5 38. Rc8 Rxc8 39. Rxc8+ Nf8 40. Qxf6
gxf6 41. b4 Rxb4 42. Ra8 Rb2 43. Kf1 Ra2 44. Rxa6 Ne6 45. Nd3 Nc7 46. Rxf6 Nd5
47. Rxh6 Ne3+ 48. Kf2 Nd1+ 49. Ke1 Ne3 50. g4 Rxa5 51. Rd6 Ra2 52. Nf4 Kf8 53.
Kf2 Nd1+ 54. Ke1 Ne3 55. Kf2 Nd1+ 56. Kg3 Nc3 57. Rxd4 Nxe2+ 58. Nxe2 Rxe2 59.
h4 Re7 60. Kf4 Kg7 61. g5 Ra7 62. Kg4 Rb7 63. Rd6 Rb4+ 64. f4 Ra4 65. Rd7 Kg8
66. h5 Rb4 67. g6 fxg6 68. hxg6 1-0

[Event "85th DEN-ch"]
[Site "Aalborg DEN"]
[Date "2006.04.08"]
[Round "1"]
[White "Pilgaard, Kim"]
[Black "Bekker-Jensen, Simon"]
[WhiteElo "2417"]
[BlackElo "2393"]
[Result "0-1"]
[EventDate "2006.04.08"]
[PlyCount "77"]
[EventCategory "8"]
[Source "ChessBase"]
[SourceDate "2006.05.09"]

1. e4 c5 2. Nf3 d6 3. d4 Nf6 4. Nc3 cxd4 5. Nxd4 a6 6. Bg5 e6 7. f4 Nbd7 8. Qf3
Qc7 9. O-O-O b5 10. Bd3 Bb7 11. Rhe1 Qb6 12. Nd5 Qxd4 13. Bxf6 gxf6 14. Bxb5
Qc5 15. b4 Qxb5 16. Nc7+ Ke7 17. Nxb5 axb5 18. Qd3 Ra6 19. Qxb5 Rb6 20. Qd3 Bh6
21. g3 Ba6 22. Qf3 Rc8 23. Qh5 Bf8 24. a3 e5 25. Rd2 Bb5 26. Qxh7 Rc3 27. Kb2
Rbc6 28. Rxd6 Rxc2+ 29. Kb1 Kxd6 30. Rd1+ Ke7 31. Rxd7+ Kxd7 32. Qxf7+ Kc8 33.
Qxf8+ Kb7 34. Qe7+ Rc7 35. Qd6 Rxh2 36. Qd5+ Bc6 37. Qc4 Rd7 38. Kc1 Ba4 39. b5
0-1

[Event "85th DEN-ch"]
[Site "Aalborg DEN"]
[Date "2006.04.09"]
[Round "2"]
[White "Bekker-Jensen, Simon"]
[Black "Glud, Jakob Vang"]
[WhiteElo "2393"]
[BlackElo "2417"]
[Result "1/2-1/2"]
[EventDate "2006.04.08"]
[PlyCount "49"]
[EventCategory "8"]
[Source "ChessBase"]
[SourceDate "2006.05.09"]

1. d4 d5 2. c4 e6 3. Nc3 Be7 4. Nf3 Nf6 5. Bg5 O-O 6. cxd5 exd5 7. e3 Nbd7 8.
Bd3 Re8 9. O-O c6 10. Qc2 g6 11. Rab1 Nh5 12. Bxe7 Qxe7 13. b4 a6 14. a4 Nb6
15. a5 Nd7 16. e4 dxe4 17. Nxe4 Ndf6 18. Nc5 Bg4 19. Rfe1 Qc7 20. Ne5 Nf4 21.
Bc4 Bf5 22. Qd2 N4d5 23. Rbd1 Re7 24. h3 Rae8 25. Re2 1/2-1/2

[Event "85th DEN-ch"]
[Site "Aalborg DEN"]
[Date "2006.04.09"]
[Round "2"]
[White "Berg, Klaus"]
[Black "Pilgaard, Kim"]
[WhiteElo "2403"]
[BlackElo "2417"]
[Result "0-1"]
[EventDate "2006.04.08"]
[PlyCount "102"]
[EventCategory "8"]
[Source "ChessBase"]
[SourceDate "2006.05.09"]

1. d4 e6 2. Nf3 Nf6 3. Bf4 b6 4. e3 Bb7 5. Bd3 Be7 6. h3 O-O 7. O-O c5 8. c3 d6
9. Qe2 cxd4 10. exd4 Nbd7 11. Nbd2 Re8 12. Bh2 Bf8 13. Rad1 Qc7 14. Rfe1 a6 15.
Ne4 b5 16. Nxf6+ Nxf6 17. a4 bxa4 18. Ra1 Bc6 19. Bc2 Qd7 20. Ra2 Reb8 21. Rea1
Qb7 22. c4 Rc8 23. Bxa4 Qb6 24. Bxc6 Rxc6 25. Qd3 g6 26. Bf4 Qb4 27. Nd2 Bg7
28. b3 Nd7 29. Ra4 Qb7 30. Be3 e5 31. d5 Rcc8 32. R1a3 f5 33. f3 Bf6 34. Kh2
Bd8 35. g4 e4 36. Qe2 exf3 37. Nxf3 fxg4 38. hxg4 Bf6 39. Qd3 Rf8 40. c5 dxc5
41. Rxa6 Ne5 42. Nxe5 Bxe5+ 43. Kg2 Qd7 44. Qc4 Rad8 45. R3a5 Bd4 46. Bxd4
Qxg4+ 47. Kh2 cxd4 48. d6+ Kh8 49. Ra2 Rf3 50. Rg2 Rh3+ 51. Kg1 Qd1+ 0-1

[Event "85th DEN-ch"]
[Site "Aalborg DEN"]
[Date "2006.04.09"]
[Round "2"]
[White "Hansen, Sune Berg"]
[Black "Pedersen, Steffen"]
[WhiteElo "2555"]
[BlackElo "2446"]
[Result "1-0"]
[EventDate "2006.04.08"]
[PlyCount "71"]
[EventCategory "8"]
[Source "ChessBase"]
[SourceDate "2006.05.09"]

1. e4 e5 2. Nf3 Nc6 3. Bb5 a6 4. Ba4 Nf6 5. d3 b5 6. Bb3 Bc5 7. Nc3 h6 8. Nd5
O-O 9. c3 Rb8 10. O-O d6 11. Re1 Re8 12. a3 Ba7 13. h3 Bd7 14. Ne3 Bb6 15. Nh2
Be6 16. Bc2 Qd7 17. Qf3 Ne7 18. g4 Kh7 19. d4 Qc8 20. Rd1 Ng6 21. d5 Bd7 22.
Nf5 Bxf5 23. gxf5 Ne7 24. Kh1 c6 25. dxc6 Qxc6 26. Ng4 Neg8 27. Rg1 d5 28. Nxe5
Rxe5 29. Qg3 Nh5 30. Qxe5 Re8 31. exd5 Rxe5 32. dxc6 Bxf2 33. c7 Bxg1 34. f6+
g6 35. c8=Q Bb6 36. Bxg6+ 1-0

[Event "85th DEN-ch"]
[Site "Aalborg DEN"]
[Date "2006.04.10"]
[Round "3"]
[White "Pilgaard, Kim"]
[Black "Rasmussen, Karsten"]
[WhiteElo "2417"]
[BlackElo "2449"]
[Result "1/2-1/2"]
[EventDate "2006.04.08"]
[PlyCount "125"]
[EventCategory "8"]
[Source "ChessBase"]
[SourceDate "2006.05.09"]

1. e4 c6 2. d4 d5 3. f3 e6 4. Nc3 b6 5. Bf4 Bd6 6. Bxd6 Qxd6 7. Qd2 Ne7 8. e5
Qd7 9. O-O-O Ba6 10. Nge2 O-O 11. Nf4 Bxf1 12. Rhxf1 c5 13. Nh5 Ng6 14. f4 cxd4
15. Qxd4 Nc6 16. Qd2 Qe7 17. g4 Na5 18. b3 Rac8 19. Rf3 Rfd8 20. Nb5 Nb7 21.
Re1 Nc5 22. Nd6 Ne4 23. Qd4 Nxd6 24. exd6 Qf8 25. f5 e5 26. Qxd5 Rxd6 27. Qb7
Rdc6 28. fxg6 Rxc2+ 29. Kb1 hxg6 30. Ref1 gxh5 31. Rxf7 Rc1+ 32. Rxc1 Rxc1+ 33.
Kxc1 Qxf7 34. Qb8+ Qf8 35. Qxe5 Qc8+ 36. Kb2 Qxg4 37. Qb8+ Kh7 38. Qxa7 Qe2+
39. Ka3 Qxh2 40. Qxb6 h4 41. Qc5 Qf4 42. Qh5+ Qh6 43. Qf5+ Qg6 44. Qh3 Qg3 45.
Qf5+ Kh6 46. Qe6+ g6 47. Qf6 Qg4 48. Qh8+ Kg5 49. Qd8+ Kf4 50. Qd4+ Kg3 51.
Qd3+ Kh2 52. Qd2+ Qg2 53. Qd6+ Kh3 54. Qe6+ Qg4 55. Qe3+ Kh2 56. Qd2+ Kh1 57.
Qd1+ Kg2 58. Qd2+ Kf1 59. Qd3+ Kf2 60. Qd2+ Kg3 61. Qd3+ Kh2 62. Qd2+ Qg2 63.
Qd6+ 1/2-1/2

[Event "85th DEN-ch"]
[Site "Aalborg DEN"]
[Date "2006.04.11"]
[Round "4"]
[White "Bekker-Jensen, Simon"]
[Black "Vesterbaek Pedersen, Nicolai"]
[WhiteElo "2393"]
[BlackElo "2517"]
[Result "1/2-1/2"]
[EventDate "2006.04.08"]
[PlyCount "49"]
[EventCategory "8"]
[Source "ChessBase"]
[SourceDate "2006.05.09"]

1. d4 Nf6 2. c4 e6 3. Nc3 Bb4 4. e3 O-O 5. Nge2 Re8 6. a3 Bf8 7. e4 d5 8. e5
Nfd7 9. cxd5 exd5 10. f4 c5 11. Be3 Nc6 12. dxc5 Bxc5 13. Bxc5 Nxc5 14. b4 d4
15. bxc5 Qa5 16. Qa4 dxc3 17. Qxa5 Nxa5 18. Nxc3 Nb3 19. Rd1 Bg4 20. Be2 Bxe2
21. Kxe2 Nxc5 22. Nb5 Re7 23. Rd5 b6 24. Rhd1 f6 25. Rd8+ 1/2-1/2

[Event "85th DEN-ch"]
[Site "Aalborg DEN"]
[Date "2006.04.11"]
[Round "4"]
[White "Berg, Klaus"]
[Black "Pedersen, Steffen"]
[WhiteElo "2403"]
[BlackElo "2446"]
[Result "0-1"]
[EventDate "2006.04.08"]
[PlyCount "64"]
[EventCategory "8"]
[Source "ChessBase"]
[SourceDate "2006.05.09"]

1. d4 d5 2. Bg5 f6 3. Bf4 Nc6 4. e3 e5 5. Bg3 exd4 6. exd4 Qe7+ 7. Ne2 Bf5 8.
Nbc3 O-O-O 9. Qd2 g5 10. O-O-O Nb4 11. Nb5 Nxa2+ 12. Kb1 Nb4 13. Rc1 c6 14.
Nd6+ Rxd6 15. Qxb4 Rd8 16. Qa5 b6 17. Qa4 Kb7 18. h4 Qb4 19. Qxb4 Bxb4 20. hxg5
Bd2 21. gxf6 Bxc1 22. Be5 Bg5 23. f7 Ne7 24. f4 Rhf8 25. fxg5 Rxf7 26. Ng3 Bg6
27. Bf6 Re8 28. Bd3 Bxd3 29. cxd3 Ng8 30. Nf5 Re6 31. Ng7 Re2 32. Be5 Rxe5 0-1

[Event "85th DEN-ch"]
[Site "Aalborg DEN"]
[Date "2006.04.12"]
[Round "5"]
[White "Glud, Jakob Vang"]
[Black "Rasmussen, Karsten"]
[WhiteElo "2417"]
[BlackElo "2449"]
[Result "1/2-1/2"]
[EventDate "2006.04.08"]
[PlyCount "70"]
[EventCategory "8"]
[Source "ChessBase"]
[SourceDate "2006.05.09"]

1. d4 d5 2. Bg5 f6 3. Bh4 Nh6 4. e3 Nf5 5. Bd3 Nxh4 6. Qh5+ g6 7. Qxh4 Bg7 8.
c4 Nc6 9. a3 Be6 10. Nd2 dxc4 11. Nxc4 Ne5 12. Nxe5 fxe5 13. Nf3 exd4 14. Nxd4
Bf7 15. Rd1 e5 16. Qxd8+ Rxd8 17. Nb5 Ke7 18. Nc3 Rd6 19. Be4 Rhd8 20. O-O c6
21. Rxd6 Rxd6 22. Rd1 a5 23. Kf1 b5 24. Rxd6 Kxd6 25. Ke2 b4 26. axb4 axb4 27.
Nb1 c5 28. Kd2 c4 29. Kc2 Kc5 30. Nd2 Bf6 31. b3 c3 32. Nf3 Bd5 33. Bxd5 Kxd5
34. Kd1 e4 35. Ne1 Be5 1/2-1/2

[Event "85th DEN-ch"]
[Site "Aalborg DEN"]
[Date "2006.04.12"]
[Round "5"]
[White "Pedersen, Steffen"]
[Black "Pilgaard, Kim"]
[WhiteElo "2446"]
[BlackElo "2417"]
[Result "0-1"]
[EventDate "2006.04.08"]
[PlyCount "56"]
[EventCategory "8"]
[Source "ChessBase"]
[SourceDate "2006.05.09"]

1. d4 Nf6 2. c4 e6 3. g3 c5 4. Nf3 cxd4 5. Nxd4 Qc7 6. Nc3 a6 7. Bg2 Qxc4 8.
O-O Nc6 9. Nb3 d5 10. Bf4 Be7 11. a3 d4 12. Nd2 Qc5 13. Na4 Qb5 14. Nc4 e5 15.
Nab6 exf4 16. Nxa8 Qxc4 17. Rc1 Qa2 18. Nc7+ Kf8 19. Bxc6 bxc6 20. Qc2 Be6 21.
Qxc6 g6 22. Qxa6 Bh3 23. Rfd1 Qxb2 24. Qd3 Kg7 25. Qxd4 Qb7 26. f3 Rd8 27. Qxf4
Rxd1+ 28. Rxd1 Qb6+ 0-1

[Event "85th DEN-ch"]
[Site "Aalborg DEN"]
[Date "2006.04.13"]
[Round "6"]
[White "Berg, Klaus"]
[Black "Aagaard, Jacob"]
[WhiteElo "2403"]
[BlackElo "2447"]
[Result "0-1"]
[EventDate "2006.04.08"]
[PlyCount "50"]
[EventCategory "8"]
[Source "ChessBase"]
[SourceDate "2006.05.09"]

1. d4 d5 2. Bg5 h6 3. Bh4 c6 4. Nf3 Qb6 5. Qc1 g5 6. Bg3 g4 7. Ne5 Qxd4 8. c4
Nd7 9. e3 Qb6 10. cxd5 Bg7 11. Nc4 Qb4+ 12. Nc3 cxd5 13. a3 Qc5 14. Nd2 a6 15.
Be2 h5 16. Nb3 Bxc3+ 17. bxc3 Qb6 18. h3 gxh3 19. Rxh3 Qxb3 20. c4 Ngf6 21. Rh4
Ne4 22. cxd5 Nxg3 23. Bc4 Qb6 24. fxg3 Qd6 25. Kf2 Ne5 0-1

[Event "85th DEN-ch"]
[Site "Aalborg DEN"]
[Date "2006.04.14"]
[Round "7"]
[White "Aagaard, Jacob"]
[Black "Pilgaard, Kim"]
[WhiteElo "2447"]
[BlackElo "2417"]
[Result "1-0"]
[EventDate "2006.04.08"]
[PlyCount "83"]
[EventCategory "8"]
[Source "ChessBase"]
[SourceDate "2006.05.09"]

1. e4 e5 2. Nf3 Nc6 3. Bb5 a6 4. Ba4 Nf6 5. O-O b5 6. Bb3 Bc5 7. d3 d6 8. a3
Bg4 9. c3 O-O 10. h3 Be6 11. Bc2 d5 12. Nbd2 dxe4 13. dxe4 Qe7 14. Nh4 g6 15.
Qf3 Bb6 16. Nb3 Nh5 17. Nf5 Qf6 18. Bh6 Rfe8 19. Qg4 Qd8 20. Rad1 Qc8 21. Qh4
f6 22. g4 gxf5 23. exf5 Bc4 24. gxh5 Kf7 25. Nd2 Rg8+ 26. Kh2 Bxf1 27. Rxf1 Ke7
28. f4 Qd7 29. fxe5 Nxe5 30. Bf4 Rad8 31. Ne4 Qxf5 32. Qxf6+ Qxf6 33. Nxf6 Kxf6
34. Bg3+ Kg5 35. Rf5+ Kh6 36. Bf4+ Kg7 37. Bxe5+ Kh6 38. Bf4+ Kg7 39. Be5+ Kh6
40. Bf4+ Kg7 41. h6+ Kg6 42. h4 1-0

[Event "85th DEN-ch"]
[Site "Aalborg DEN"]
[Date "2006.04.14"]
[Round "7"]
[White "Vesterbaek Pedersen, Nicolai"]
[Black "Glud, Jakob Vang"]
[WhiteElo "2517"]
[BlackElo "2417"]
[Result "1-0"]
[EventDate "2006.04.08"]
[PlyCount "123"]
[EventCategory "8"]
[Source "ChessBase"]
[SourceDate "2006.05.09"]

1. d4 d5 2. c4 e6 3. Nc3 Be7 4. cxd5 exd5 5. Bf4 Nf6 6. e3 Bf5 7. Nge2 c6 8.
Ng3 Bg6 9. Bd3 Nbd7 10. O-O O-O 11. f3 c5 12. Bxg6 hxg6 13. dxc5 Nxc5 14. Be5
Ncd7 15. Bd4 Bc5 16. Rf2 Qe7 17. Nf1 Rfd8 18. Rd2 Nb6 19. b3 Rac8 20. Rc1 Bxd4
21. Rxd4 Rc5 22. Ne2 Rdc8 23. Rxc5 Qxc5 24. Rd2 Kf8 25. Nd4 Qc1 26. Qxc1 Rxc1
27. Rc2 Rxc2 28. Nxc2 Ke7 29. Kf2 Kd6 30. Ke2 Nbd7 31. Kd2 Ne5 32. Kc3 Nc6 33.
Ng3 Ng8 34. Ne2 Nge7 35. Ned4 a6 36. a4 Kc5 37. h3 a5 38. g4 Ne5 39. Ne1 Kd6
40. Nb5+ Kd7 41. Kd4 f6 42. Kc5 Nf7 43. Kb6 Ng5 44. h4 Ne6 45. Kxa5 Nc5 46. Kb4
b6 47. Kc3 f5 48. b4 Ne6 49. Nd3 g5 50. Ne5+ Kd8 51. h5 fxg4 52. fxg4 Nc8 53.
a5 bxa5 54. bxa5 Nc5 55. Kb4 Na6+ 56. Kc3 Ne7 57. Nd4 Kc7 58. Nf7 Ng8 59. Ne6+
Kd7 60. Nxg7 Ke7 61. Nxg5 Nh6 62. Nf5+ 1-0

[Event "85th DEN-ch"]
[Site "Aalborg DEN"]
[Date "2006.04.15"]
[Round "8"]
[White "Berg, Klaus"]
[Black "Hansen, Sune Berg"]
[WhiteElo "2403"]
[BlackElo "2555"]
[Result "0-1"]
[EventDate "2006.04.08"]
[PlyCount "78"]
[EventCategory "8"]
[Source "ChessBase"]
[SourceDate "2006.05.09"]

1. d4 d5 2. Bg5 h6 3. Bh4 c6 4. Nf3 Qb6 5. b3 Bf5 6. e3 e6 7. Bd3 Bxd3 8. Qxd3
Be7 9. Bxe7 Nxe7 10. O-O Nd7 11. c4 O-O 12. Nc3 Qa6 13. Rfd1 Rfd8 14. Rac1 Rac8
15. cxd5 Qxd3 16. Rxd3 exd5 17. Na4 Nf5 18. Nc5 Nd6 19. Nxd7 Rxd7 20. Rdc3 Ra8
21. Ne5 Re7 22. Nd3 g5 23. g3 Kg7 24. Kg2 Rae8 25. Rh1 Nf5 26. h4 gxh4 27. g4
Nxe3+ 28. fxe3 Rxe3 29. Rxh4 R8e4 30. Kf2 c5 31. Rxc5 Rxd3 32. Rxd5 Rdxd4 33.
Rb5 Rb4 34. Ra5 a6 35. Kg3 Re3+ 36. Kf2 Rc3 37. Rah5 Rc2+ 38. Ke3 Rxa2 39. Rxh6
Rxb3+ 0-1

[Event "85th DEN-ch"]
[Site "Aalborg DEN"]
[Date "2006.04.15"]
[Round "8"]
[White "Pedersen, Steffen"]
[Black "Vesterbaek Pedersen, Nicolai"]
[WhiteElo "2446"]
[BlackElo "2517"]
[Result "1/2-1/2"]
[EventDate "2006.04.08"]
[PlyCount "79"]
[EventCategory "8"]
[Source "ChessBase"]
[SourceDate "2006.05.09"]

1. d4 Nf6 2. c4 e6 3. Nc3 Bb4 4. Qc2 O-O 5. a3 Bxc3+ 6. Qxc3 b6 7. Bg5 Bb7 8.
Nf3 d6 9. Nd2 c5 10. dxc5 bxc5 11. e3 Nbd7 12. Bd3 a5 13. O-O Qb6 14. Rab1 Rab8
15. Rfe1 Bc6 16. Bc2 a4 17. e4 Qc7 18. Nf1 Rb6 19. Rbd1 Rfb8 20. Bc1 e5 21. Ng3
Nf8 22. Nf5 Ne8 23. Ne3 R6b7 24. Nd5 Qd7 25. f4 exf4 26. e5 Ne6 27. exd6 Nxd6
28. Qd3 f5 29. Bxf4 Nxf4 30. Nxf4 Ne4 31. Qxd7 Rxd7 32. Rxd7 Bxd7 33. Bxe4 fxe4
34. Rxe4 Rxb2 35. Re7 Bf5 36. Re5 g6 37. Rxc5 Rb3 38. h3 Rxa3 39. g4 Rf3 40.
gxf5 1/2-1/2

[Event "85th DEN-ch"]
[Site "Aalborg DEN"]
[Date "2006.04.16"]
[Round "9"]
[White "Bekker-Jensen, Simon"]
[Black "Berg, Klaus"]
[WhiteElo "2393"]
[BlackElo "2403"]
[Result "0-1"]
[EventDate "2006.04.08"]
[PlyCount "86"]
[EventCategory "8"]
[Source "ChessBase"]
[SourceDate "2006.05.09"]

1. d4 e6 2. c4 Bb4+ 3. Nc3 b6 4. g3 Bb7 5. d5 Nf6 6. Bg2 Bxc3+ 7. bxc3 O-O 8.
Nh3 d6 9. O-O e5 10. e4 Ba6 11. Qd3 Nbd7 12. Ba3 Rc8 13. Rfd1 Nc5 14. Bxc5 bxc5
15. Qc2 Rb8 16. f4 Re8 17. Nf2 exf4 18. gxf4 Nh5 19. Nh3 Qh4 20. Rf1 Bxc4 21.
Rf2 f5 22. e5 dxe5 23. Qxf5 e4 24. Ng5 Nf6 25. Bxe4 Nxe4 26. Nxe4 Rbd8 27. Re1
Kh8 28. Qg5 Qxg5+ 29. fxg5 Rxd5 30. Rc1 Rde5 31. Ng3 Rxg5 32. Rd1 h5 33. Rf4
Bxa2 34. Ra1 Re2 35. Rf2 Rxf2 36. Kxf2 Bd5 37. Rxa7 h4 38. Nf1 Rg2+ 39. Ke1 c6
40. Ra8+ Kh7 41. Rf8 Rc2 42. Rf4 g5 43. Rg4 Bf3 0-1

[Event "85th DEN-ch"]
[Site "Aalborg DEN"]
[Date "2006.04.16"]
[Round "9"]
[White "Hansen, Sune Berg"]
[Black "Pilgaard, Kim"]
[WhiteElo "2555"]
[BlackElo "2417"]
[Result "1-0"]
[EventDate "2006.04.08"]
[PlyCount "33"]
[EventCategory "8"]
[Source "ChessBase"]
[SourceDate "2006.05.09"]

1. e4 e5 2. Nf3 Nc6 3. Bc4 Nf6 4. d3 Be7 5. O-O O-O 6. c3 d6 7. Bb3 Na5 8. Bc2
c5 9. a3 Nc6 10. b4 Qc7 11. Bb2 Nh5 12. b5 Qb6 13. a4 a6 14. Nfd2 axb5 15. Qxh5
bxa4 16. Nc4 Qd8 17. Bc1 1-0

[Event "85th DEN-ch"]
[Site "Aalborg DEN"]
[Date "2006.04.16"]
[Round "9"]
[White "Vesterbaek Pedersen, Nicolai"]
[Black "Rasmussen, Karsten"]
[WhiteElo "2517"]
[BlackElo "2449"]
[Result "1/2-1/2"]
[EventDate "2006.04.08"]
[PlyCount "127"]
[EventCategory "8"]
[Source "ChessBase"]
[SourceDate "2006.05.09"]

1. d4 d5 2. c4 c6 3. Nf3 Nf6 4. e3 e6 5. Nbd2 Nbd7 6. Bd3 Bd6 7. O-O O-O 8. e4
e5 9. cxd5 cxd5 10. exd5 exd4 11. Nc4 Nb6 12. Nxd6 Qxd6 13. Nxd4 Qxd5 14. Be2
Rd8 15. Nb5 Bf5 16. Qxd5 Nfxd5 17. Bg5 f6 18. Bd2 Re8 19. Rfe1 Rxe2 20. Rxe2
Bd3 21. Nd4 Bxe2 22. Nxe2 Nc4 23. Bc1 Re8 24. Kf1 Nb4 25. b3 Nc2 26. Rb1 N2a3
27. Ra1 Nc2 28. Rb1 Rd8 29. Nc3 Nd2+ 30. Bxd2 Rxd2 31. Rd1 Rxd1+ 32. Nxd1 Kf7
33. Ke2 Ke6 34. Nc3 Ke5 35. Kd2 Nb4 36. a3 Nc6 37. Kd3 g5 38. Na4 h5 39. b4 h4
40. Nc3 Nd4 41. h3 Ne6 42. Ke3 Nf4 43. Kf3 f5 44. Nd1 Ne6 45. Ke3 f4+ 46. Kf3
Kf5 47. Ke2 g4 48. hxg4+ Kxg4 49. Kf1 Nd4 50. a4 Nc2 51. b5 f3 52. Nc3 fxg2+
53. Kxg2 Ne1+ 54. Kh2 Nf3+ 55. Kh1 Ng5 56. a5 Nh3 57. Ne4 Kf3 58. Nc5 b6 59.
axb6 axb6 60. Nd7 Nxf2+ 61. Kh2 Ne4 62. Kh3 Nd6 63. Kxh4 Nxb5 64. Nxb6 1/2-1/2